| 000 | 00754nam a22002415i 4500 | ||
|---|---|---|---|
| 001 | 178006 | ||
| 003 | ES-MaACL | ||
| 005 | 20260209164052.0 | ||
| 008 | 110512s1963 sp f |||| | spa d | ||
| 080 | _a94(6) | ||
| 080 | _a94(5) | ||
| 100 | 1 |
_aSerrano, Ramón. _9132678 |
|
| 245 | 1 | 0 |
_aAfroasia _b: el tercer mundo / _cRamón Serrano. |
| 250 | _a1ª ed. | ||
| 260 |
_aBarcelona : _bSayma, _c1963. |
||
| 300 |
_a270, [16] p. de lám. bl. y n. ; _c19 cm. |
||
| 490 | 1 |
_aPanoramas A-Z. La universidad en su mano ; _v20 |
|
| 651 | 4 |
_aAsia- _xHistoria. _97827 |
|
| 651 | 4 |
_aÁfrica- _xHistoria _97595 |
|
| 830 | 0 |
_aPanoramas A-Z. La universidad en su mano ; _v20 _9190680 |
|
| 852 |
_aES-MaACL _jE-15075 _xOlim P-269-bis |
||
| 999 |
_c178006 _d178006 |
||